NCAA College Mascots: Wildcats - Statistics

General Stats
  • This quiz has been taken 45 times
  • The average score is 4 of 10
Answer Stats
Subdivision Team % Correct
FBS Kentucky
91%
FBS Northwestern
68%
FBS Kansas State
65%
FBS Arizona
56%
FCS Weber State
53%
FCS Villanova
29%
FCS Bethune-Cookman
24%
FCS Davidson
24%
FCS Abilene Christian
21%
FCS New Hampshire
18%
No matching quizzes found
Score Distribution
Percent of People with Each Score
Percentile by Number Answered
Your Score History
You have not taken this quiz